Statistics for Recognize the composer

Click here to take the quiz!

General Stats

  • This quiz has been taken 17 times
  • The average score is 9 of 15

Answer Stats

Answer% Correct
Wolfgang Amadeus Mozart
100%
Johann Sebastian Bach
93%
Antonio Vivaldi
80%
Edvard Grieg
73%
Johannes Brahms
73%
Joseph Haydn
73%
Andrew Lloyd Webber
67%
Richard Wagner
60%
John Williams
53%
Pyotr Ilyich Tchaikovsky
53%
John Cage
47%
Claudio Monteverdi
33%
Bob Dylan
27%
Astor Piazzolla
20%
Heinrich Schütz
7%

Score Distribution

Percentile by Number Answered

Percent of People with Each Score

Your Score History

You have not taken this quiz